• 首页
  • 本馆介绍
  • 公告通知
  • 最新文献
  • 馆藏检索
  • 电子资源
  • 读者导购
  • 参考咨询
  • 我的图书馆
  • 登录
  • 详细信息显示
  • 放入我的书架
  • 预约/预借图书
  • 作者相关作品
  • 分类相关作品
  • 丛书相关作品
  • 出版社相关作品

书目信息

  • 表格格式
  • 工作单格式
  • 卡片格式
题名:
电视剧艺术论
    
 
作者: 刘晔原 著
分册:  
出版信息: 北京   北京大学出版社  2005
页数: 274页
开本: 23cm
丛书名: 北京大学影视艺术丛书
单 册:
中图分类: J902
科图分类:
主题词: 电视剧--艺术理论--研究--中国 , 电视剧 , 艺术理论
电子资源:
ISBN: 7-301-08631-8
000 00862oam2 2200277 450
001 012007157071
005 20070517082958.37
010    @a7-301-08631-8@dCNY24.00
100    @a20070514d2005 km y0chiy0120 ea
101 0  @achi
102    @aCN@b110000
105    @ay z 000yy
106    @ar
200 1  @a电视剧艺术论@Adian shi ju yi shu lun@f刘晔原著@Fliu ye yuan zhu
210    @a北京@c北京大学出版社@d2005
215    @a274页@d23cm
225 2  @a北京大学影视艺术丛书
330    @a本书以电视剧为论证对象,对电视剧的各种属性和艺术元素各个环节进行了全面的分析,并对中国电视剧的发展进行了整体性回顾。
461  0 @12001 @a北京大学影视艺术丛书
606 0  @a电视剧@x艺术理论@x研究@y中国
606 0  @a电视剧
606 0  @a艺术理论
690    @aJ902@v4
701  0 @a刘晔原@Aliu ye yuan@c(女)@4著
801  0 @aCN@bRULIN@c20070517
905    @dJ902@e196@s8
    
    电视剧艺术论/刘晔原著.-北京:北京大学出版社,2005
    274页;23cm.-(北京大学影视艺术丛书)
    
    
    ISBN 7-301-08631-8:CNY24.00
    本书以电视剧为论证对象,对电视剧的各种属性和艺术元素各个环节进行了全面的分析,并对中国电视剧的发展进行了整体性回顾。
●
相关链接 在E读中查询图书 在五车中查询图书 在当当中查询图书 在豆瓣中查询图书


正题名:电视剧艺术论     索取号:J902/196         预约/预借

序号 登录号 条形码 馆藏地/架位号 状态 备注
1 0577931   205779317   第一样本阅览室/ [索取号:J902/196] 在馆    
2 0577932   205779326   第一借阅区/ [索取号:J902/196] 在馆    
3 0577933   205779335   第一借阅区/ [索取号:J902/196] 在馆    
4 0577934   205779344   第一借阅区/ [索取号:J902/196] 在馆    
5 0577935   205779353   第一借阅区/ [索取号:J902/196] 在馆    
6 0577936   205779362   第一借阅区/ [索取号:J902/196] 在馆    
7 0577937   205779371   第一借阅区/ [索取号:J902/196] 在馆    
8 0577938   205779380   第一借阅区/ [索取号:J902/196] 在馆    
唐山师范学院图书馆 欢迎您!
大连网信软件有限公司© 版权所有